<?xml version="1.0" encoding="UTF-8"?>
<record
    xmlns:xsi="http://www.w3.org/2001/XMLSchema-instance"
    xsi:schemaLocation="http://www.loc.gov/MARC21/slim http://www.loc.gov/standards/marcxml/schema/MARC21slim.xsd"
    xmlns="http://www.loc.gov/MARC21/slim">

  <leader>00576nam a2200217   4500</leader>
  <controlfield tag="001">33957</controlfield>
  <datafield tag="010" ind1=" " ind2=" ">
    <subfield code="a">9789722073509</subfield>
  </datafield>
  <datafield tag="021" ind1=" " ind2=" ">
    <subfield code="a">PT</subfield>
    <subfield code="b">486447/21</subfield>
  </datafield>
  <datafield tag="090" ind1=" " ind2=" ">
    <subfield code="a">33957</subfield>
  </datafield>
  <datafield tag="100" ind1=" " ind2=" ">
    <subfield code="a">20220609              frey50       </subfield>
  </datafield>
  <datafield tag="101" ind1=" " ind2=" ">
    <subfield code="a">por</subfield>
  </datafield>
  <datafield tag="102" ind1=" " ind2=" ">
    <subfield code="a">PT</subfield>
  </datafield>
  <datafield tag="200" ind1=" " ind2=" ">
    <subfield code="a">O pai mais horr&#xED;vel do mundo</subfield>
    <subfield code="f">Jo&#xE3;o Miguel Tavares</subfield>
    <subfield code="g">il. Jo&#xE3;o Fazenda</subfield>
  </datafield>
  <datafield tag="205" ind1=" " ind2=" ">
    <subfield code="a">1&#xAA;. ed.</subfield>
  </datafield>
  <datafield tag="210" ind1=" " ind2=" ">
    <subfield code="a">Alfragide</subfield>
    <subfield code="c">Dom Quixote</subfield>
    <subfield code="d">2021</subfield>
  </datafield>
  <datafield tag="215" ind1=" " ind2=" ">
    <subfield code="a">[42] p.</subfield>
    <subfield code="c">il.</subfield>
    <subfield code="d">23 cm</subfield>
  </datafield>
  <datafield tag="700" ind1=" " ind2=" ">
    <subfield code="4">070</subfield>
    <subfield code="9">5400</subfield>
    <subfield code="a">Tavares</subfield>
    <subfield code="b">Jo&#xE3;o Miguel</subfield>
  </datafield>
  <datafield tag="702" ind1=" " ind2=" ">
    <subfield code="4">440</subfield>
    <subfield code="9">2934</subfield>
    <subfield code="a">Fazenda</subfield>
    <subfield code="b">Jo&#xE3;o</subfield>
    <subfield code="f">1979-</subfield>
  </datafield>
  <datafield tag="801" ind1=" " ind2=" ">
    <subfield code="a">PT</subfield>
    <subfield code="g">RPC</subfield>
  </datafield>
  <datafield tag="990" ind1=" " ind2=" ">
    <subfield code="c">LIVROS</subfield>
  </datafield>
  <datafield tag="994" ind1=" " ind2=" ">
    <subfield code="a">COMP</subfield>
  </datafield>
  <datafield tag="995" ind1=" " ind2=" ">
    <subfield code="0">0</subfield>
    <subfield code="1">0</subfield>
    <subfield code="9">47289</subfield>
    <subfield code="b">BMVA</subfield>
    <subfield code="d">BMVAAG</subfield>
    <subfield code="f">0033761</subfield>
    <subfield code="k">087.5 TAV</subfield>
    <subfield code="m">2025-05-06</subfield>
    <subfield code="o">0</subfield>
    <subfield code="r">LIVROS</subfield>
    <subfield code="s">Compra</subfield>
  </datafield>
  <datafield tag="995" ind1=" " ind2=" ">
    <subfield code="0">0</subfield>
    <subfield code="1">0</subfield>
    <subfield code="9">47290</subfield>
    <subfield code="b">BMVA</subfield>
    <subfield code="d">BMVA</subfield>
    <subfield code="f">0033684</subfield>
    <subfield code="k">087.5 TAV</subfield>
    <subfield code="m">2026-02-27</subfield>
    <subfield code="o">0</subfield>
    <subfield code="r">LIVROS</subfield>
    <subfield code="s">Compra</subfield>
  </datafield>
  <datafield tag="995" ind1=" " ind2=" ">
    <subfield code="0">0</subfield>
    <subfield code="1">0</subfield>
    <subfield code="9">47291</subfield>
    <subfield code="b">BMVA</subfield>
    <subfield code="d">BMVAAG</subfield>
    <subfield code="f">0033685</subfield>
    <subfield code="k">087.5 TAV</subfield>
    <subfield code="m">2025-04-01</subfield>
    <subfield code="o">0</subfield>
    <subfield code="r">LIVROS</subfield>
    <subfield code="s">Compra</subfield>
  </datafield>
</record>
